| Tag |
First Indicator |
Second Indicator |
Subfields |
| LEADER |
00000cam a2200000 i 4500 |
| 001 |
in00000683075 |
| 005 |
20151015164051.0 |
| 008 |
790201s1978 dcuab 00010 eng d |
| 035 |
|
|
|a (OCoLC)04606984
|
| 035 |
|
|
|9 ACZ6857AM
|
| 040 |
|
|
|a TLS
|c TLS
|d TXA
|d UtOrBLW
|
| 049 |
|
|
|a TXAM
|c [1421216]
|
| 090 |
|
|
|a LC1037.5
|b .M57 1978
|
| 100 |
1 |
|
|a Mitchell, Anita M.
|
| 245 |
1 |
0 |
|a Career development needs of seventeen year olds :
|b how to improve career development programs /
|c Anita M. Mitchell.
|
| 264 |
|
1 |
|a [Washington] :
|b [National Vocational Guidance Association : available from Publication Sales, American Personnel and Guidance Association],
|c [1978]
|
| 300 |
|
|
|a xiv, 98 pages :
|b illustrations, map ;
|c 23 cm.
|
| 336 |
|
|
|a text
|b txt
|2 rdacontent
|
| 337 |
|
|
|a unmediated
|b n
|2 rdamedia
|
| 338 |
|
|
|a volume
|b nc
|2 rdacarrier
|
| 490 |
0 |
|
|a Monograph of the National Vocational Guidance Association and the Association for Mesurement and Evaluation in Guidance divisions of the American Personnel and Guidance Association
|
| 650 |
|
0 |
|a Career education
|z United States
|x Evaluation.
|
| 650 |
|
0 |
|a Vocational guidance
|z United States
|x Evaluation.
|
| 710 |
2 |
|
|a National Vocational Guidance Association.
|
| 710 |
2 |
|
|a Association for Measurement and Evaluation in Guidance (U.S.)
|
| 710 |
2 |
|
|a American Personnel and Guidance Association.
|
| 999 |
|
|
|a MARS
|
| 999 |
f |
f |
|s 2d1b7c05-3e42-3693-a908-44ae5ddd99f0
|i 2999e131-ebe6-3be7-9c34-6d11fd94d543
|t 0
|
| 952 |
f |
f |
|p normal
|a Texas A&M University
|b College Station
|c Sterling C. Evans Library
|d Evans: Library Stacks
|t 0
|e LC1037.5 .M57 1978
|h Library of Congress classification
|i unmediated -- volume
|m A14803315558
|
| 998 |
f |
f |
|a LC1037.5 .M57 1978
|t 0
|l Evans: Library Stacks
|